书目信息 |
| 题名: |
兵器五国新秀
|
|
| 作者: | 陈胜昌 | |
| 分册: | ||
| 出版信息: | 经济科学出版社 1997. 7 |
|
| 页数: | 270页 | |
| 开本: | 32开 | |
| 丛书名: | ||
| 单 册: | ||
| 中图分类: | E92-49 | |
| 科图分类: | ||
| 主题词: | 武器--军事技术 , 军用器材--军事技术 | |
| 电子资源: | ||
| ISBN: | ||
| 000 | 00540nam0 2200205 45 | |
| 001 | 0308271013 | |
| 005 | 20030827105639.9 | |
| 010 | @dRMB9.50 | |
| 100 | @a20030827d1997 km y0chiy0120 ea | |
| 101 | @achi | |
| 105 | @a z 000yy | |
| 200 | 1 | @a兵器五国新秀@Abing qi wu guo xin xiu@f陈胜昌@Fchen sheng chang |
| 210 | @c经济科学出版社@d1997. 7 | |
| 215 | @a270页@c无图表@d32开 | |
| 606 | 0 | @a武器@x军事技术 |
| 606 | 0 | @a军用器材@x军事技术 |
| 690 | @aE92-49@v3 | |
| 701 | 0 | @a陈胜昌 |
| 801 | @aCN@b@c20030827 | |
| 905 | @aBZT@dE92-49@e10 | |
| 兵器五国新秀/陈胜昌.-经济科学出版社,1997. 7 |
| 270页:无图表;32开 |
| ISBN :RMB9.50 |
| ● |
| 相关链接 |
|
|
|
正题名:兵器五国新秀
索取号:E92-49/10
 
预约/预借
| 序号 | 登录号 | 条形码 | 馆藏地/架位号 | 状态 | 备注 |
| 1 | 82274 | 200487945 | 中心书库北库/ 北库004架B面2列2层2/ [索取号:E92-49/10] | 在馆 | |
| 2 | 82275 | 200487936 | 中心书库北库/ 北库004架B面2列2层1/ [索取号:E92-49/10] | 在馆 | |
| 3 | 82276 | 200487927 | 中心书库北库/ 北库004架B面2列2层3/ [索取号:E92-49/10] | 在馆 | |
| 4 | 82277 | 200487918 | 中心书库北库/ 北库004架B面2列2层5/ [索取号:E92-49/10] | 在馆 | |
| 5 | 82278 | 200487963 | 中心书库北库/ 北库004架B面2列2层4/ [索取号:E92-49/10] | 在馆 |